000 00408nam a22001577a 4500
005 20200528132725.0
008 200528b xxu||||| |||| 00| 0 eng d
041 _aeng
082 _a340
100 _aBARE ACT
_95744
245 _aTHE SMALL INDUSTRIES DEVOLOPMENT BANK OF INDIA ACT,1989 (39-1989)
260 _aDELHI
_bPROFESSIONALS BOOK PUBLISHERS
300 _a74;p
650 _aLAW
_95701
942 _cBK
999 _c6585
_d6583